|
|
|
|
| LEADER |
01386nam a2200361Ia 4500 |
| 001 |
EBC407890 |
| 003 |
MiAaPQ |
| 005 |
20200520144314.0 |
| 006 |
m o d | |
| 007 |
cr cn||||||||| |
| 008 |
080905s2008 caua s 000 0 eng d |
| 020 |
|
|
|z 9781576756669
|
| 020 |
|
|
|z 9781576757659
|
| 020 |
|
|
|z 157675765X
|
| 035 |
|
|
|a (MiAaPQ)EBC407890
|
| 035 |
|
|
|a (Au-PeEL)EBL407890
|
| 035 |
|
|
|a (CaPaEBR)ebr10315478
|
| 035 |
|
|
|a (CaONFJC)MIL230066
|
| 035 |
|
|
|a (OCoLC)771267399
|
| 040 |
|
|
|a MiAaPQ
|c MiAaPQ
|d MiAaPQ
|
| 050 |
|
4 |
|a HF1111
|b .A77 2008
|
| 245 |
0 |
4 |
|a The Aspen Institute guide to socially responsible MBA programs.
|p 2008-2009
|h [electronic resource].
|
| 246 |
3 |
0 |
|a Guide to socially responsible MBA programs 2008-2009
|
| 260 |
|
|
|a San Francisco :
|b Berrett-Koehler,
|c c2008.
|
| 300 |
|
|
|a 253 p. :
|b ill.
|
| 490 |
0 |
|
|a Aspen Institute guide to socially responsible MBA programs ;
|v 2008-2008
|
| 533 |
|
|
|a Electronic reproduction. Ann Arbor, MI : ProQuest, 2015. Available via World Wide Web. Access may be limited to ProQuest affiliated libraries.
|
| 650 |
|
0 |
|a Master of business administration degree
|v Directories.
|
| 650 |
|
0 |
|a Business education
|v Directories.
|
| 655 |
|
4 |
|a Electronic books.
|
| 710 |
2 |
|
|a Aspen Institute.
|
| 710 |
2 |
|
|a ProQuest (Firm)
|
| 856 |
4 |
0 |
|u https://ebookcentral.proquest.com/lib/matrademy/detail.action?docID=407890
|z Click to View
|